000 00835nam a2200265Ia 4500
001 Z_2297
003 CHAP
008 220113s1984 xx 000 0 und d
010 _a165353
040 _cCHAP
090 _aTesis C 1446
100 _aCárdenas Díaz, José Cruz
_924062
245 _aEfecto de dos tratamientos : uno químico y otro mecánico sobre variedades de sorgo amargo (Sorghum bicolor (L) Moench) /
_cpor José Cruz Cárdenas Díaz y Emiliano Corona Barroso
260 _aChapingo, Méx. :
_bEl autor,
_c1984
300 _a46 h.
502 _aTesis (Ing. Agr. Esp. en Zootecnia) -- UACH. Departamento de Zootecnia
650 _aSorgo
_xVariedades
_9108734
700 _aCorona Barroso, Emiliano
901 _aTESIS C 1446
902 _aM
910 _a1984
942 _c2
942 _c2
999 _c165353
_d165353